<?xml version="1.0" encoding="UTF-8"?>
<record
    xmlns:xsi="http://www.w3.org/2001/XMLSchema-instance"
    xsi:schemaLocation="http://www.loc.gov/MARC21/slim http://www.loc.gov/standards/marcxml/schema/MARC21slim.xsd"
    xmlns="http://www.loc.gov/MARC21/slim">

  <leader>00896nam a2200229 i 4500</leader>
  <controlfield tag="001">93853</controlfield>
  <controlfield tag="003">ES-MaACL</controlfield>
  <controlfield tag="005">20240427063118.0</controlfield>
  <controlfield tag="007">t|</controlfield>
  <controlfield tag="008">050421s1948    sp           ||||1| spa d</controlfield>
  <datafield tag="100" ind1="1" ind2=" ">
    <subfield code="a">Pantorba, Bernardino de, </subfield>
    <subfield code="d">1896-1990</subfield>
    <subfield code="9">88829</subfield>
  </datafield>
  <datafield tag="245" ind1="1" ind2="0">
    <subfield code="a">Historia y cr&#xED;tica de las exposiciones nacionales de bellas artes celebradas en Espa&#xF1;a / </subfield>
    <subfield code="c">Bernardino de Pantorba ; pr&#xF3;logo de Eduardo Chicharro.</subfield>
  </datafield>
  <datafield tag="260" ind1=" " ind2=" ">
    <subfield code="a">Madrid : </subfield>
    <subfield code="b">Compa&#xF1;&#xED;a Bibliogr&#xE1;fica Espa&#xF1;ola, </subfield>
    <subfield code="c">1948.</subfield>
  </datafield>
  <datafield tag="300" ind1=" " ind2=" ">
    <subfield code="a">XXIII, 564 p., CXVIII l&#xE1;m. ; </subfield>
    <subfield code="c">22 cm.</subfield>
  </datafield>
  <datafield tag="611" ind1="2" ind2="4">
    <subfield code="a">Exposici&#xF3;n Nacional de Bellas Artes-</subfield>
    <subfield code="v">Historia.</subfield>
    <subfield code="9">151050</subfield>
  </datafield>
  <datafield tag="650" ind1=" " ind2="4">
    <subfield code="a">Pintura espa&#xF1;ola-</subfield>
    <subfield code="y">S.XIX.</subfield>
    <subfield code="9">143830</subfield>
  </datafield>
  <datafield tag="650" ind1=" " ind2="4">
    <subfield code="a">Pintura espa&#xF1;ola-</subfield>
    <subfield code="y">S.XX.</subfield>
    <subfield code="9">16042</subfield>
  </datafield>
  <datafield tag="700" ind1="1" ind2=" ">
    <subfield code="a">Chicharro, Eduardo.</subfield>
    <subfield code="9">38481</subfield>
  </datafield>
  <datafield tag="710" ind1="2" ind2=" ">
    <subfield code="a">Compa&#xF1;&#xED;a Bibliogr&#xE1;fica Espa&#xF1;ola.</subfield>
    <subfield code="9">171207</subfield>
  </datafield>
  <datafield tag="852" ind1=" " ind2=" ">
    <subfield code="a">ES-MaACL</subfield>
    <subfield code="j">D-7778</subfield>
  </datafield>
  <datafield tag="999" ind1=" " ind2=" ">
    <subfield code="c">93853</subfield>
    <subfield code="d">93853</subfield>
  </datafield>
  <datafield tag="952" ind1=" " ind2=" ">
    <subfield code="0">0</subfield>
    <subfield code="1">0</subfield>
    <subfield code="4">0</subfield>
    <subfield code="7">0</subfield>
    <subfield code="a">ATENEOM</subfield>
    <subfield code="b">ATENEOM</subfield>
    <subfield code="c">SVI</subfield>
    <subfield code="d">2008-01-17</subfield>
    <subfield code="e">SC</subfield>
    <subfield code="l">0</subfield>
    <subfield code="o">D-7778</subfield>
    <subfield code="p">901098018</subfield>
    <subfield code="r">2023-02-23 00:00:00</subfield>
    <subfield code="w">2023-02-23</subfield>
    <subfield code="y">MONOGRAFIA</subfield>
  </datafield>
</record>
